LEADER 01220nam0-22004091i-450- 001 990003718770403321 005 20090210170653.0 035 $a000371877 035 $aFED01000371877 035 $a(Aleph)000371877FED01 035 $a000371877 100 $a20030910d1976----km-y0itay50------ba 101 1 $aita 102 $aIT 105 $ay-------001yy 200 1 $aDisuguaglianza di classe e ordinamento politico$ela stratificazione sociale nelle società capitalistiche e comuniste$fFrank Parkin 205 $a2. ed. 210 $aTorino$cEinaudi$dc1976 215 $aX, 227 p.$d18 cm 225 1 $aPiccola biblioteca Einaudi$v268 454 0$12001$aClass inequality and political order$925786 610 0 $aClassi sociali 610 0 $aComunismo e capitalismo 676 $a305.5 700 1$aParkin,$bFrank$0119970 801 0$aIT$bUNINA$gRICA$2UNIMARC 901 $aBK 912 $a990003718770403321 952 $aP1-P4.74$b752$fDECTS 952 $aPAR305.5A$b049710/M$fDECBC 952 $a14230 PAR$b9973/I$fSES 952 $a14230 PAR$b10253 a/I$fSES 959 $aDECTS 959 $aDECBC 959 $aSES 996 $aClass inequality and political order$925786 997 $aUNINA LEADER 01929nam2-2200469---450- 001 990003341050203316 005 20110629135009.0 010 $a978-92-9207-276-6 035 $a000334105 035 $aUSA01000334105 035 $a(ALEPH)000334105USA01 035 $a000334105 100 $a20091028d2009----km-y0itay0103----ba 101 $aita 102 $aLU 105 $a||||||||001yy 200 1 $a<> gestione da parte della Commissione della partecipazione degli attori non statali alla cooperazione comunitaria allo sviluppo$fCorte dei conti europea 210 $aLussemburgo$cUfficio delle pubblicazioni dell'Unione europea$d2009 215 $a65 p.$d30 cm$e1 CD-Rom 225 2 $aRelazione speciale$v4 300 $aTit. del Cd-Rom: Commission?s management of Non-State Actors? involvement in EC Development Cooperation 410 0$1001000351941$aRelazione speciale 452 $12001$aCommission?s management of Non-State Actors? involvement in EC Development Cooperation 606 0 $aCooperazione economica internazionale$yPaesi dell'Unione europea$xControllo$2BNCF 676 $a337.4 699 $a01.01$bAiuto allo sviluppo 710 02$aCORTE DEI CONTI EUROPEA$0541549 801 0$aIT$bsalbc$gISBD 912 $a990003341050203316 951 $aCDE 01.01 (XI)$bCDE 2501$cCDE 01.01$d00150661 959 $aBK 969 $aCDE 979 $aCDE$b10$c20091028$lUSA01$h1059 979 $aCDE$b10$c20091103$lUSA01$h1041 979 $aMARIAS$b90$c20100622$lUSA01$h1522 979 $aMARIAS$b90$c20100624$lUSA01$h1125 979 $aMARIAS$b90$c20110629$lUSA01$h1030 979 $aMARIAS$b90$c20110629$lUSA01$h1030 979 $aMARIAS$b90$c20110629$lUSA01$h1033 979 $aMARIAS$b90$c20110629$lUSA01$h1350 996 $aGestione da parte della Commissione della partecipazione degli attori non statali alla cooperazione comunitaria allo sviluppo$91124999 997 $aUNISA LEADER 01518nam a2200337 i 4500 001 991004123259707536 008 090130s1998 it a b 111 0 ita d 020 $a8881146266 035 $ab13806245-39ule_inst 040 $aDip.to Filologia Class. e Scienze Filosofiche$bita 041 0 $aita$afre$aeng 082 14$a340 110 2 $aAccademia romanistica costantiniana$0240708 245 10$aAtti dell'Accademia romanistica costantiniana :$bXII Convegno internazionale sotto l'alto patronato del presidente della Repubblica in onore di Manlio Sargenti /$c[a cura di G. Crifò, S. Giglio] 260 $aNapoli :$bEdizioni scientifiche italiane,$cc1998 300 $a506 p. :$bill. ;$c24 cm 440 0$aPubblicazioni dell'Università degli studi di Perugia 500 $aIn testa al front.: Università degli studi di Perugia, Facoltà di giurisprudenza 504 $aContiene riferimenti bibliografici. Indice 546 $aTesti in inglese, francese e italiano 650 4$aDiritto romano$vCongressi 700 1 $aCrifò, Giuliano 700 1 $aGiglio, Stefano 700 1 $aSargenti, Manlio 710 2 $aUniversità di Perugia.$bFacoltà di giurisprudenza 907 $a.b13806245$b02-04-14$c30-01-09 912 $a991004123259707536 945 $aLE007 00 ARC 01$cv.12$g1$i2007000177136$lle007$op$pE38.00$q-$rl$s- $t0$u0$v0$w0$x0$y.i14924249$z02-02-09 996 $aAtti dell'Accademia romanistica costantiniana$9243398 997 $aUNISALENTO 998 $ale007$b30-01-09$cm$da $e-$fita$git $h0$i0